Largest Cities in a Country, that starts with "M" - Statistics

General Stats
  • This quiz has been taken 74 times
  • The average score is 11 of 27
Answer Stats
Population City % Correct
20,060,000 Mexico City
92%
4,600,000 Guadalajara
70%
2,620,000 Maputo
68%
2,500,000 Bamako
65%
4,080,000 Monterrey
65%
7,090,000 Kuala Lumpur
63%
2,400,000 Antananarivo
60%
3,210,000 Casablanca
58%
1,850,000 Rabat
58%
1,970,000 Tijuana
52%
4,800,000 Yangon
50%
1,190,000 Fes
48%
2,090,000 Puebla
48%
1,240,000 Ulaanbaatar
40%
1,160,000 Mandalay
33%
1,170,000 Marrakesh
33%
1,470,000 León
32%
1,110,000 Mérida
32%
1,390,000 Ciudad Juárez
28%
2,410,000 George Town
28%
1,880,000 Toluca
22%
1,020,000 Mexicali
18%
1,030,000 Naypyidaw
18%
1,140,000 San Luis Potosí
15%
1,690,000 Johor Bahru
12%
1,250,000 Querétaro
10%
1,330,000 Torreón
10%
No matching quizzes found
Score Distribution
Percent of People with Each Score
Percentile by Number Answered
Your Score History
You have not taken this quiz